Obce okresu Praha-západ - Statistics

General Stats
  • This quiz has been taken 27 times
  • The average score is 18 of 79
Answer Stats
Počet obyvatel Odpověď % Correct
7 712 Černošice
76%
5 502 Rudná
76%
9 179 Hostivice
71%
9 088 Roztoky
65%
453 Dobříč
59%
3 772 Dobřichovice
59%
10 460 Jesenice
59%
4 735 Dolní Břežany
53%
5 262 Jílové u Prahy
53%
963 Ořech
53%
3 777 Řevnice
47%
6 432 Mníšek pod Brdy
41%
2 212 Štěchovice
41%
4 965 Chýně
35%
1 891 Davle
35%
577 Dobrovíz
35%
5 496 Horoměřice
35%
1 315 Jeneč
35%
2 424 Nučice
35%
1 292 Středokluky
35%
3 195 Vestec
35%
2 704 Vrané nad Vltavou
35%
1 654 Červený Újezd
29%
712 Jíloviště
29%
3 604 Libčice nad Vltavou
29%
1 724 Tuchoměřice
29%
1 746 Všenory
29%
340 Buš
24%
2 350 Jinočany
24%
494 Karlík
24%
873 Měchenice
24%
965 Slapy
24%
1 433 Zbuzany
24%
1 180 Chrášťany
18%
436 Chýnice
18%
649 Kněževes
18%
874 Kosoř
18%
113 Okoř
18%
2 846 Průhonice
18%
4 254 Psáry
18%
1 401 Řitka
18%
1 585 Statenice
18%
817 Úholičky
18%
913 Únětice
18%
3 601 Velké Přílepy
18%
1 415 Zlatníky-Hodkovice
18%
1 964 Zvole
18%
2 176 Holubice
12%
2 499 Hradištko
12%
1 598 Kamenný Přívoz
12%
633 Kytín
12%
1 630 Libeř
12%
395 Lichoceves
12%
1 571 Ohrobec
12%
805 Okrouhlo
12%
1 014 Ptice
12%
950 Tachlovice
12%
993 Tursko
12%
1 280 Úhonice
12%
567 Vonoklasy
12%
1 457 Březová-Oleško
6%
370 Choteč
6%
332 Číčovice
6%
1 626 Drahelčice
6%
1 701 Lety
6%
322 Svrkyně
6%
1 516 Třebotov
6%
613 Trnová
6%
486 Bojanovice
0%
206 Bratřínov
0%
576 Černolice
0%
1 182 Čisovice
0%
588 Hvozdnice
0%
826 Klínec
0%
803 Líšnice
0%
821 Petrov
0%
429 Pohoří
0%
250 Roblín
0%
356 Zabořany
0%
No matching quizzes found
Score Distribution
Percent of People with Each Score
Percentile by Number Answered
Your Score History
You have not taken this quiz